[Event "LSS BI-2009-P-00004"]
[Site "LSS email"]
[Date "2009.04.19"]
[Round "?"]
[White "Majer, Damir"]
[Black "Zeram, Alexis"]
[Result "1-0"]
[WhiteElo "2189"]
[BlackElo "1571"]
[PlyCount "65"]
[EventDate "2009.04.20"]
[EventType "tourn (corr)"]
[EventRounds "10"]
[EventCountry "GER"]
[SourceTitle "Corr 2011"]
[Source "ChessBase"]
[SourceDate "2010.08.31"]
[SourceVersion "1"]
[SourceVersionDate "2010.08.31"]
[SourceQuality "1"]

1. Nf3 Nf6 2. c4 c6 3. g3 d5 4. Bg2 dxc4 5. 0-0 Nbd7 6. Qc2 Nb6 7. a4 a5 8. Na3 Be6 9. Ng5 Bg4 10. Nxc4 Bxe2 11. Ne5 Bh5 12. b4 axb4 13. a5 Bg6 14. Nxg6 hxg6 15. Bb2 Nbd7 16. a6 Rxa6 17. Rxa6 bxa6 18. Re1 e6 19. Rxe6+ Be7 20. Rxc6 Qa5 21. Nxf7 0-0 22. Nd6 Qh5 23. Nc8 Bd8 24. h3 a5 25. Nd6 Kh7 26. d4 Nd5 27. g4 Qg5 28. Ne4 Qe7 29. Rxg6 Kg8 30. Bc1 Nf4 31. Bxf4 Rxf4 32. Ra6 Nf8 33. Qc4+ 1-0

[Event "LSS SE-2008-0-00016"]
[Site "LSS email"]
[Date "2009.02.07"]
[Round "?"]
[White "Raines, David T"]
[Black "Zeram, Alexis"]
[Result "0-1"]
[WhiteElo "1198"]
[BlackElo "1376"]
[PlyCount "70"]
[EventDate "2008.12.01"]
[EventType "tourn (corr)"]
[EventRounds "6"]
[EventCountry "GER"]
[SourceTitle "Corr 2011"]
[Source "ChessBase"]
[SourceDate "2010.08.31"]
[SourceVersion "1"]
[SourceVersionDate "2010.08.31"]
[SourceQuality "1"]

1. Nf3 Nf6 2. c4 c6 3. d4 d5 4. e3 e6 5. Nc3 Nbd7 6. Bd3 dxc4 7. Bxc4 b5 8. Bd3 Bb7 9. Qc2 Rc8 10. 0-0 a6 11. Rd1 c5 12. Qe2 Qc7 13. Bd2 Bd6 14. h3 0-0 15. Rac1 c4 16. Bb1 b4 17. Na4 Qa5 18. b3 c3 19. Be1 Be4 20. Bc2 Qb5 21. Qf1 Qxf1+ 22. Kxf1 Bc6 23. Bd3 Bb5 24. Rc2 Nd5 25. Ke2 h6 26. Rdc1 g5 27. g3 f5 28. Nc5 Nxc5 29. Bxb5 Nxb3 30. axb3 axb5 31. Ra1 Ra8 32. Rca2 Ra3 33. Rxa3 bxa3 34. Ne5 Rc8 35. Kd1 Nb4 0-1

[Event "LSS CP-2008-P-00062"]
[Site "LSS email"]
[Date "2008.10.01"]
[Round "?"]
[White "Aguirre Izaguirre, Pedro Jose"]
[Black "Zeram, Alexis"]
[Result "0-1"]
[WhiteElo "1981"]
[BlackElo "1571"]
[PlyCount "108"]
[EventDate "2008.10.01"]
[EventType "tourn (corr)"]
[EventRounds "6"]
[EventCountry "GER"]
[SourceTitle "Corr 2011"]
[Source "ChessBase"]
[SourceDate "2010.08.31"]
[SourceVersion "1"]
[SourceVersionDate "2010.08.31"]
[SourceQuality "1"]

1. e4 c5 2. Nf3 d6 3. Bb5+ Bd7 4. Bxd7+ Qxd7 5. 0-0 Nc6 6. Re1 Nf6 7. c3 e6 8. d3 h6 9. Na3 Be7 10. Bf4 Nh5 11. Be3 0-0 12. Qb3 d5 13. Rad1 a6 14. exd5 exd5 15. Qb6 Bd8 16. Qb3 b6 17. Qc2 Bc7 18. d4 c4 19. Qd2 Rae8 20. Ne5 Bxe5 21. dxe5 Nxe5 22. Qxd5 Qa4 23. Qd2 Nd3 24. Nxc4 Nxe1 25. Nxb6 Qxa2 26. Rxe1 Rb8 27. c4 Nf4 28. Qc3 Rfe8 29. c5 Qe6 30. h3 Qe4 31. f3 Qf5 32. Bxf4 Qxf4 33. Rd1 Re2 34. Re1 Rbe8 35. Rxe2 Rxe2 36. Kf1 Re3 37. Qc4 Qf5 38. Kf2 Rd3 39. Ke2 Rd8 40. Qc1 Qd3+ 41. Kf2 Re8 42. Kg3 Re2 43. Qf1 Qg6+ 44. Kh2 Rxb2 45. Nc4 Rc2 46. Ne3 Rxc5 47. Qd1 Qg5 48. Nf1 Rc1 49. Qd3 a5 50. Ng3 a4 51. Ne2 Re1 52. f4 Qe7 53. Nc3 a3 54. Na2 Qe3 0-1

[Event "LSS CP-2008-P-00062"]
[Site "LSS email"]
[Date "2008.10.01"]
[Round "?"]
[White "Vio, Mauro"]
[Black "Zeram, Alexis"]
[Result "0-1"]
[WhiteElo "1565"]
[BlackElo "800"]
[PlyCount "74"]
[EventDate "2008.10.01"]
[EventType "tourn (corr)"]
[EventRounds "6"]
[EventCountry "GER"]
[SourceTitle "Corr 2013"]
[Source "ChessBase"]
[SourceDate "2012.11.12"]
[SourceVersion "1"]
[SourceVersionDate "2012.11.12"]
[SourceQuality "1"]
[WhiteTeam "US of America"]
[BlackTeam "US of America"]
[WhiteTeamCountry "USA"]
[BlackTeamCountry "USA"]

1. e4 c5 2. Nf3 d6 3. Bb5+ Bd7 4. Bxd7+ Qxd7 5. 0-0 Nc6 6. d4 cxd4 7. Nxd4 Nf6 8. Nc3 g6 9. Nxc6 bxc6 10. f4 Bg7 11. f5 Qb7 12. Rb1 Qb6+ 13. Kh1 Nd7 14. Bg5 Qa6 15. Rf3 h6 16. Bd2 g5 17. Rg3 Be5 18. Rh3 Rb8 19. b3 Nf6 20. Qe1 g4 21. Rxh6 Kd7 22. Rxh8 Rxh8 23. g3 Qb7 24. Kg2 c5 25. Qe3 Rh5 26. Re1 Rxf5 27. Qd3 Bxc3 28. Bxc3 Rf3 29. Qc4 Nxe4 30. Qxe4 Qxe4 31. Rxe4 Rxc3 32. Re2 e5 33. Kf2 d5 34. Rxe5 Rxc2+ 35. Re2 Rxe2+ 36. Kxe2 Kc6 37. Kd3 Kb5 0-1

[Event "LSS CP-2008-P-00062"]
[Site "LSS email"]
[Date "2008.10.01"]
[Round "?"]
[White "Zeram, Alexis"]
[Black "Van Tricht, Marcel"]
[Result "1-0"]
[WhiteElo "1518"]
[BlackElo "2288"]
[PlyCount "129"]
[EventDate "2008.10.01"]
[EventType "tourn (corr)"]
[EventRounds "6"]
[EventCountry "GER"]
[SourceTitle "Corr 2011"]
[Source "ChessBase"]
[SourceDate "2010.08.31"]
[SourceVersion "1"]
[SourceVersionDate "2010.08.31"]
[SourceQuality "1"]

1. e4 c5 2. Nf3 d6 3. d4 cxd4 4. Nxd4 Nf6 5. Nc3 a6 6. Be3 e5 7. Nb3 Be6 8. Qd2 Nbd7 9. f3 b5 10. 0-0-0 Be7 11. g4 h6 12. a3 Nb6 13. Na5 Qc7 14. h4 Rd8 15. g5 hxg5 16. hxg5 Rxh1 17. Bxb5+ axb5 18. Rxh1 Ng8 19. Nxb5 Qd7 20. Bxb6 Qxb5 21. Bxd8 Bxd8 22. b4 Qb6 23. Kb2 Ne7 24. Rh8+ Kd7 25. Nb3 Bxb3 26. Kxb3 Nc6 27. Qd5 Nd4+ 28. Kb2 Ke7 29. g6 fxg6 30. Qc4 g5 31. Rg8 Ne6 32. a4 Qb7 33. Ka3 Qa7 34. a5 Kf6 35. a6 Qg1 36. Ka2 Qb6 37. Re8 Be7 38. Rc8 Bd8 39. Rc6 Qb8 40. b5 Bc7 41. Kb1 Ke7 42. b6 Bxb6 43. Qb4 Ba7 44. Qxb8 Bxb8 45. Rb6 Nc5 46. Rxb8 Nxa6 47. Rb7+ Ke6 48. Rxg7 Kf6 49. Rg8 Nc7 50. Kb2 Ne6 51. Kc3 Kf7 52. Rh8 Kg7 53. Rh2 Nd4 54. Rf2 Kg8 55. Kc4 Kf7 56. c3 Ne6 57. Kd5 Ke7 58. Rh2 Nf4+ 59. Kc6 Nd3 60. Rh7+ Ke6 61. Rh6+ Kf7 62. Kxd6 Ne1 63. Rh3 Kf6 64. c4 Kg6 65. c5 1-0

[Event "LSS SN-2008-0-00106"]
[Site "LSS email"]
[Date "2008.07.08"]
[Round "?"]
[White "Zeram, Alexis"]
[Black "Nistri, Paolo"]
[Result "1-0"]
[WhiteElo "800"]
[BlackElo "838"]
[PlyCount "33"]
[EventDate "2008.07.02"]
[EventType "tourn (corr)"]
[EventRounds "6"]
[EventCountry "GER"]
[SourceTitle "Corr 2011"]
[Source "ChessBase"]
[SourceDate "2010.08.31"]
[SourceVersion "1"]
[SourceVersionDate "2010.08.31"]
[SourceQuality "1"]

1. e4 c6 2. d4 d5 3. exd5 cxd5 4. c4 Nf6 5. Nc3 e6 6. Nf3 Bb4 7. Bd3 dxc4 8. Bxc4 Ne4 9. Qd3 Nxc3 10. bxc3 Ba5 11. Ba3 Bc7 12. 0-0 h6 13. d5 Bd6 14. dxe6 0-0 15. exf7+ Kh8 16. Bxd6 Bg4 17. Bxf8 1-0